LEADER 00948nam a2200217 i 4500 001 000000030675 003 CaOOAMICUS 005 20240926124205.0 008 180830s1894 it u000 u ita u 040 $aSeMil$bita 100 1 $aSecco Suardo, Giovanni.$0(OLS)http://semarc/name/14133 245 13$aIl restauratore dei dipinti /$cdel conte Giovanni Secco-Suardo. 260 $aMilano :$bUlrico Hoepli,$c1894. 300 $a2 v. ;$c16 cm. 650 4$aPittura - Restauro - Manuali.$0(OLS)http://semarc/subject/4904 774 0 $tVol. 1.$dMilano : Ulrico Hoepli, 1894.$kManuali Hoepli. Serie artistica$g1$w()234215 774 0 $tVol. 2.$dMilano : Ulrico Hoepli, 1894.$kManuali Hoepli. Serie artistica$g2$w()234216 830 0$aManuali Hoepli.$0(OLS)http://semarc/title/7639 996 $6245$aIl restauratore dei dipinti$9(OLS)http://semarc/title/41762 996 $6260$aMilano :$bUlrico Hoepli$9(OLS)http://semarc/publisher/29765 LEADER 01029nam a2200217 i 4500 001 000000192991 003 CaOOAMICUS 005 20101008000000.0 008 101008s1930 it u000 u ita u 013 $a171629 040 $aSeMil$bita 100 1 $aAnzini, Abbondio Maria,$d<1868-1941>.$0(OLS)http://semarc/name/67806 245 13$aIl culto del beato don Bosco :$bgrazie e miracoli prima e nella gloria degli altari /$csac. A. M. Anzini. 260 $aTorino :$bSocietà Editrice Internazionale,$c1930. 300 $a162 p. ;$c18 cm. 500 $aIn appendice : 26 aprile. La S. Messa in onore del Beato. 600 14$aBosco, Giovanni .$0(OLS)http://semarc/subject/3727 850 $aSeMil 852 $aSeMil$W1$xVenegono$y1$m3J I 14$j143565$B143565$CSeMilBibl$Z2$F155079 $81 996 $6245$aIl culto del beato don Bosco :$bgrazie e miracoli prima e nella gloria degli altari$9(OLS)http://semarc/title/278197 996 $6260$aTorino :$bSocietà Editrice Internazionale$9(OLS)http://semarc/publisher/29847